Online Catalogue and eLibrary

Manawa himikam pahana (Record no. 5075)

MARC details
000 -LEADER
fixed length control field 00404nam a2200145Ia 4500
005 - DATE AND TIME OF LATEST TRANSACTION
control field 20250623020340.0
008 - FIXED-LENGTH DATA ELEMENTS--GENERAL INFORMATION
fixed length control field 240331s9999 xx 000 0 und d
020 ## - INTERNATIONAL STANDARD BOOK NUMBER
ISBN 9789551468064
082 ## - DDC Classification
Item Number - Author Mark FER
Class No. 323
100 ## - MAIN ENTRY--PERSONAL NAME
Personal name Fernando,B
245 #0 - TITLE STATEMENT
Title Manawa himikam pahana
260 ## - PUBLICATION, DISTRIBUTION, ETC.
Place of publication, distribution, etc. People's Alliance to Eliminate Torture in Sri Lanka Asian Human Rights Commission
300 ## - PHYSICAL DESCRIPTION
Extent (e.g. Volumes, Pages etc.) 151 p., ( 2nd C)
942 ## - Koha item type (Biblio)
Koha item type Books in Stacks (Lending)
Holdings
Lost status Damaged status Collection code Home library Current library Shelving location Date acquired Full call number Accession Number Item type
    Lending WERC Library WERC Library Social Science Cupboard 03/31/2024 323.4 FER 5707 Books in Stacks (Lending)

© WERC Library